Logo BPK

Biblioteka

Politechniki Koszalińskiej

Internationales Archiv für Sozialgeschichte der deutschen Literatur. (Rekord nr 49965)

Szczegóły MARC
000 -ETYKIETA REKORDU
podpole kontrolne o stałej długości 00704nam a2200229 i 4500
001 - NUMER KONTROLNY REKORDU
pole kontrolne bgj
040 ## - ŹRÓDŁO KATALOGOWANIA
Instytucja, która utworzyła rekord BPK
041 0# - KOD JĘZYKA
Kod języka tekstu ger
044 ## - KOD KRAJU WYDAWCY/PRODUCENTA
Kod kraju wydawcy/producenta DEU
080 ## - UNIWERSALNA KLASYFIKACJA DZIESIĘTNA - UKD
UKD 82
008 - POLE O STAŁEJ DŁUGOŚCI - DANE KONTROLNE
podpole kontrolne o stałej długości s gw f |000 0 ger
245 10 - TYTUŁ/ODPOWIEDZIALNOŚĆ
Tytuł Internationales Archiv für Sozialgeschichte der deutschen Literatur.
Pozostałe elementy strefy tytułu i oznaczenia odpowiedzialności hrsg. von Wolfgang Frühwald, Georg Jäger, Alberto Martino.
Oznaczenie części/sekcji dzieła 10/1980 /
246 1# - WARIANT TYTUŁU
Tytuł Sozialgeschichtliche Aspekte der Literatur im 18. Jahrundert.
260 ## - STREFA ADRESU WYDAWNICZEGO
Miejsce wydania [Tübingen] :
Nazwa wydawcy/dystrybutora Niemeyer,
Data publikacji, dystrybucji/powstania dokumentu 1980.
300 ## - STREFA OPISU FIZYCZNEGO
Objętość S. [135]-[154] ;
Rozmiary 23 cm.
505 ## - SFORMALIZOWANA UWAGA DOTYCZĄCA ZAWARTOŚCI
Pełny tekst uwagi Sonderdruck
650 9# - HASŁO PRZEDMIOTOWE W FORMIE NAZWY OGÓLNEJ LUB JEDNOSTKOWEJ
Nazwa ogólna lub geograficzna Literatura
700 1# - HASŁO DODATKOWE - NAZWA OSOBOWA
Nazwa osobowa FRÜHWALD, Wolfgang.
700 1# - HASŁO DODATKOWE - NAZWA OSOBOWA
Nazwa osobowa JÄGER, Georg.
700 1# - HASŁO DODATKOWE - NAZWA OSOBOWA
Nazwa osobowa MARTINO, Albert.
856 ## - LOKALIZACJA I DOSTĘP DO ELEKTRONICZNYCH DOKUMENTÓW ZDALNYCH
Link (URL) http://koha.tu.koszalin.pl/cgi-bin/koha/opac-detail.pl?biblionumber=49965
Tekst linku Katalog online BPK
942 ## - DODATKOWE ELEMENTY (KOHA)
Typ dokumentu Książka
Egzemplarze
Wycofany Status egzemplarza Uszkodzony Dostępność Lokalizacja stała Lokalizacja bieżąca Miejsce przechowywania Sygnatura Kod kreskowy Typ dokumentu
      Dostępny Biblioteka Politechniki Koszalińskiej Biblioteka Politechniki Koszalińskiej Wypożyczalnia Językowa S 2587 02438504 Książka
© 2023 Biblioteka Politechniki Koszalińskiej :: KOHA